000 00569nam a2200205 a 4500
001 57818
003 BD-RjUL
005 20211209080545.0
008 161212s1960 enk 000 0 eng
035 _a(BD-RjUL)57942
040 _aDLC
_cNmU
_dDLC
_dBD-RjUL
_beng
041 _aeng
082 _a306
_223
_bPOM 1960
100 1 _aPowys, John Cowper,
_d1872-1963.
_9171709
245 1 4 _aThe meaning of culture /
_c[by] John Cowper Powys.
260 _aLondon :
_bRupa & co.,
_cc1960.
300 _axviii, 245 p. ;
_c19 cm.
650 0 _aCulture.
_9170832
942 _2ddc
_cBK
999 _c57818
_d57818